Identify the Bond film from the Bond Girl #2 - Statistics

General Stats
  • This quiz has been taken 41 times
  • The average score is 11 of 15
Answer Stats
Hint Film % Correct
Miranda Frost Die Another Day
94%
Natalya Simonova Goldeneye
94%
Stacey Sutton A View To A Kill
88%
Tiffany Case Diamonds Are Forever
88%
Wai Lin Tomorrow Never Dies
88%
Tatiana Romanova From Russia With Love
85%
Melina Havelock For Your Eyes Only
82%
Jill Masterton Goldfinger
82%
Pam Bouvier Licence To Kill
79%
Anya Amasova The Spy Who Loved Me
74%
Miss Taro Dr. No
68%
Helga Brandt You Only Live Twice
59%
Manuela Moonraker
47%
Patricia Fearing Thunderball
41%
Miss Caruso Live And Let Die
35%
No matching quizzes found
Score Distribution
Percent of People with Each Score
Percentile by Number Answered
Your Score History
You have not taken this quiz